[Event "LSS No Engine Cup 145 Preliminary 0"]
[Site "LSS email"]
[Date "2015.12.27"]
[Round "?"]
[White "Ucal, Mustafa"]
[Black "Liles, Chris"]
[Result "1-0"]
[WhiteElo "1505"]
[BlackElo "1264"]
[PlyCount "69"]
[EventDate "2015.12.28"]
[EventType "tourn (corr)"]
[EventRounds "6"]
[EventCountry "GER"]
[SourceTitle "Corr 2022"]
[Source "ChessBase"]
[SourceDate "2021.10.24"]
[SourceVersion "1"]
[SourceVersionDate "2021.10.24"]
[SourceQuality "1"]

1. d4 Nf6 2. c4 e6 3. Nc3 d5 4. Bg5 c6 5. e3 Be7 6. Bd3 Nbd7 7. cxd5 exd5 8. Qc2 0-0 9. Nge2 Re8 10. 0-0-0 b5 11. Kd2 Ne4+ 12. Bxe4 dxe4 13. Bxe7 Rxe7 14. Nxe4 Ne5 15. Ke1 Nc4 16. Ng5 g6 17. b3 Nd6 18. Qxc6 Bb7 19. Qc2 Bxg2 20. Rg1 Bb7 21. Ng3 Rc8 22. Qe2 Re8 23. h4 h6 24. Nf3 Ne4 25. Nxe4 Bxe4 26. h5 g5 27. Ne5 Rc2 28. Qxb5 Rxa2 29. Ng4 Kg7 30. Rc1 Qe7 31. b4 Rb2 32. Qa6 Qxb4+ 33. Kf1 Qd2 34. Qxh6+ Kg8 35. Nf6# 1-0

[Event "LSS No Engine Cup 143 Preliminary 0"]
[Site "LSS email"]
[Date "2015.11.23"]
[Round "?"]
[White "Ucal, Mustafa"]
[Black "Mostowik, Pawel"]
[Result "0-1"]
[WhiteElo "1481"]
[BlackElo "2045"]
[PlyCount "72"]
[EventDate "2015.11.24"]
[EventType "tourn (corr)"]
[EventRounds "6"]
[EventCountry "GER"]
[SourceTitle "Corr 2022"]
[Source "ChessBase"]
[SourceDate "2021.10.24"]
[SourceVersion "1"]
[SourceVersionDate "2021.10.24"]
[SourceQuality "1"]

1. d4 d5 2. c4 e6 3. Nc3 Nf6 4. Bg5 Be7 5. e3 0-0 6. Nf3 a5 7. Bd3 h6 8. Bh4 c5 9. cxd5 Nxd5 10. Bxe7 Qxe7 11. Nxd5 exd5 12. dxc5 Qxc5 13. 0-0 Nc6 14. Rc1 Qb6 15. Qd2 Rd8 16. h3 d4 17. Rfe1 dxe3 18. Qxe3 Qxe3 19. Rxe3 Be6 20. Be4 Bxa2 21. b3 Rab8 22. Ra1 Nb4 23. Nh4 g6 24. Kf1 b5 25. g4 a4 26. bxa4 bxa4 27. Nf3 Bb3 28. Kg2 Rb5 29. Rc3 Rb6 30. Ra3 Re6 31. Re3 Na6 32. g5 Nc5 33. Bb1 Rxe3 34. fxe3 Rd1 35. Ra1 hxg5 36. Nxg5 Bc2 0-1

[Event "LSS No Engine Cup 142 Preliminary 0"]
[Site "LSS email"]
[Date "2015.11.10"]
[Round "?"]
[White "Czaban, Tomasz"]
[Black "Ucal, Mustafa"]
[Result "0-1"]
[WhiteElo "1324"]
[BlackElo "1481"]
[PlyCount "24"]
[EventDate "2015.11.11"]
[EventType "tourn (corr)"]
[EventRounds "6"]
[EventCountry "GER"]
[SourceTitle "Corr 2022"]
[Source "ChessBase"]
[SourceDate "2021.10.24"]
[SourceVersion "1"]
[SourceVersionDate "2021.10.24"]
[SourceQuality "1"]

1. e4 c5 2. d4 cxd4 3. Qxd4 Nc6 4. Qa4 Nf6 5. Nc3 d5 6. exd5 Nxd5 7. Nxd5 Qxd5 8. Nf3 Bd7 9. Qh4 e5 10. Be3 Nb4 11. Rd1 Nxc2+ 12. Ke2 Bb5+ 0-1

[Event "LSS No Engine Cup 142 Preliminary 0"]
[Site "LSS email"]
[Date "2015.11.10"]
[Round "?"]
[White "Ucal, Mustafa"]
[Black "Tobey, Al"]
[Result "1-0"]
[WhiteElo "1481"]
[BlackElo "983"]
[PlyCount "83"]
[EventDate "2015.11.11"]
[EventType "tourn (corr)"]
[EventRounds "6"]
[EventCountry "GER"]
[SourceTitle "Corr 2022"]
[Source "ChessBase"]
[SourceDate "2021.10.24"]
[SourceVersion "1"]
[SourceVersionDate "2021.10.24"]
[SourceQuality "1"]

1. d4 d5 2. c4 dxc4 3. Nc3 e6 4. e4 c6 5. Bxc4 Nf6 6. e5 Nd5 7. Nf3 Nxc3 8. bxc3 Be7 9. Qb3 0-0 10. 0-0 Nd7 11. Ba3 Nb6 12. Bxe7 Qxe7 13. Bd3 Nd7 14. Qc2 c5 15. Bxh7+ Kh8 16. Be4 Nb6 17. Rab1 Rb8 18. Rb5 Nc4 19. Qb3 Nb6 20. Rxc5 Nd7 21. Rc7 Qd8 22. Rc4 Nb6 23. Rb4 Bd7 24. Qa3 a6 25. c4 a5 26. Qxa5 Nd5 27. Qxd8 Rfxd8 28. cxd5 exd5 29. Bxd5 Be8 30. Be4 Ra8 31. a4 Rxa4 32. Rxb7 Bd7 33. Rfb1 Bg4 34. Ng5 Kg8 35. Bh7+ Kf8 36. Rxf7+ Ke8 37. Rxg7 Raxd4 38. Bg6+ Kf8 39. Rf7+ Kg8 40. h3 Bc8 41. Nh7 Bxh3 42. Nf6+ 1-0

[Event "SE-2015-0-00212"]
[Site "LSS email"]
[Date "2015.10.29"]
[Round "?"]
[White "Ucal, Mustafa"]
[Black "Courteille, Thierry"]
[Result "1-0"]
[WhiteElo "1605"]
[BlackElo "1115"]
[PlyCount "43"]
[EventDate "2015.09.05"]
[EventType "tourn (corr)"]
[EventRounds "6"]
[EventCountry "GER"]
[SourceTitle "Corr 2022"]
[Source "ChessBase"]
[SourceDate "2021.10.24"]
[SourceVersion "1"]
[SourceVersionDate "2021.10.24"]
[SourceQuality "1"]

1. d4 d5 2. c4 e6 3. Nc3 Nf6 4. Bg5 Be7 5. e3 0-0 6. Nf3 Nbd7 7. Rc1 h6 8. Bf4 Nh5 9. Bg3 c6 10. Bd3 dxc4 11. Bxc4 Nxg3 12. hxg3 Qa5 13. Bd3 Re8 14. a3 e5 15. Rh5 Bf6 16. Qc2 b5 17. Bh7+ Kh8 18. Qe4 Bb7 19. dxe5 Rad8 20. Qf4 Kxh7 21. exf6 Nxf6 22. Rxh6+ 1-0

[Event "ZL-2015-0-01757"]
[Site "LSS email"]
[Date "2015.10.22"]
[Round "?"]
[White "Lauer, Frederic"]
[Black "Ucal, Mustafa"]
[Result "0-1"]
[WhiteElo "1217"]
[BlackElo "1597"]
[PlyCount "152"]
[EventDate "2015.10.13"]
[EventType "match (corr)"]
[EventRounds "2"]
[EventCountry "GER"]
[SourceTitle "Corr 2022"]
[Source "ChessBase"]
[SourceDate "2021.10.24"]
[SourceVersion "1"]
[SourceVersionDate "2021.10.24"]
[SourceQuality "1"]

1. e4 c5 2. Nf3 d6 3. d4 cxd4 4. Qxd4 Nc6 5. Bb5 Bd7 6. Bxc6 Bxc6 7. Nc3 Nf6 8. Bg5 e6 9. 0-0-0 Be7 10. Rhe1 h6 11. Bh4 0-0 12. Kb1 Qa5 13. Nd2 Qh5 14. Bxf6 Bxf6 15. Qxd6 Bxc3 16. bxc3 Rad8 17. Qf4 Qb5+ 18. Nb3 Rxd1+ 19. Rxd1 Qe2 20. Kc1 Rc8 21. Nd4 Qxe4 22. Qxe4 Bxe4 23. f3 Bd5 24. Kb2 Rc5 25. Nb3 Rc6 26. Rd3 Kf8 27. Na5 Ra6 28. Nb3 Ke7 29. g3 Kf6 30. f4 g5 31. fxg5+ hxg5 32. Rd2 Ke5 33. Re2+ Kd6 34. Rd2 b5 35. a3 f5 36. Nd4 Rb6 37. Nf3 g4 38. Nd4 Rb7 39. Ne2 e5 40. Nc1 a5 41. Nd3 Rh7 42. Nf2 Rf7 43. Nd3 f4 44. gxf4 exf4 45. Nf2 Rg7 46. Rd3 Ke6 47. Rd1 g3 48. hxg3 fxg3 49. Nh3 Ke5 50. Re1+ Be4 51. c4 bxc4 52. Kc3 g2 53. Kxc4 Rg3 54. Ng1 Rxa3 55. c3 Ra2 56. Nf3+ Kf4 57. Nh4 a4 58. Rg1 Kg4 59. Nxg2 Bxg2 60. Kb4 Kf3 61. Rd1 Ke3 62. Rd6 Be4 63. c4 Bc2 64. c5 Bb3 65. c6 Rc2 66. Ka3 Ke4 67. Kb4 Ke5 68. Rh6 Rc4+ 69. Ka3 Bc2 70. Kb2 Be4 71. Rh5+ Kd6 72. Rh6+ Kc7 73. Rh4 Kxc6 74. Ka3 Kc5 75. Rh5+ Bd5 76. Rg5 Rc2 0-1

[Event "OP-2015-0-03830"]
[Site "LSS email"]
[Date "2015.09.30"]
[Round "?"]
[White "Firnhaber, Ingo"]
[Black "Ucal, Mustafa"]
[Result "1-0"]
[WhiteElo "2417"]
[BlackElo "1609"]
[PlyCount "65"]
[EventDate "2015.09.23"]
[EventType "tourn (corr)"]
[EventRounds "4"]
[EventCountry "GER"]
[SourceTitle "Corr 2022"]
[Source "ChessBase"]
[SourceDate "2021.10.24"]
[SourceVersion "1"]
[SourceVersionDate "2021.10.24"]
[SourceQuality "1"]

1. e4 c5 2. Nf3 d6 3. d4 cxd4 4. Nxd4 Nf6 5. Nc3 g6 6. Be3 Bg7 7. f3 Nc6 8. Qd2 Bd7 9. g4 Ne5 10. 0-0-0 0-0 11. h4 b5 12. Nd5 Nxd5 13. exd5 Qc8 14. h5 Nc4 15. Bxc4 Qxc4 16. hxg6 fxg6 17. Qh2 Kf7 18. Nb3 Rh8 19. Bd4 Rac8 20. Bxg7 Kxg7 21. Rd4 Qc7 22. Re4 Rce8 23. Qh6+ Kf7 24. Nd4 Qd8 25. Rhe1 Kg8 26. Re6 Kf7 27. Nf5 gxf5 28. Qg5 Rhg8 29. Qxf5+ Kg7 30. Rh1 Rh8 31. Rh5 Bxe6 32. dxe6 Rhf8 33. Rxh7+ 1-0

[Event "OP-2015-0-03830"]
[Site "LSS email"]
[Date "2015.09.29"]
[Round "?"]
[White "Lauer, Frederic"]
[Black "Ucal, Mustafa"]
[Result "0-1"]
[WhiteElo "1177"]
[BlackElo "1609"]
[PlyCount "48"]
[EventDate "2015.09.23"]
[EventType "tourn (corr)"]
[EventRounds "4"]
[EventCountry "GER"]
[SourceTitle "Corr 2022"]
[Source "ChessBase"]
[SourceDate "2021.10.24"]
[SourceVersion "1"]
[SourceVersionDate "2021.10.24"]
[SourceQuality "1"]

1. e4 c5 2. Nf3 d6 3. d4 cxd4 4. c3 dxc3 5. Nxc3 Nc6 6. Bc4 a6 7. 0-0 Nf6 8. Qe2 Bg4 9. Rd1 e6 10. Be3 b5 11. Bb3 Ne5 12. Kh1 Nxf3 13. gxf3 Bh5 14. Bg5 h6 15. Bh4 g5 16. Bg3 Nd7 17. Bxd6 Qf6 18. Kg2 Bxd6 19. Rxd6 Ne5 20. Rd3 Ng6 21. Qe3 Nf4+ 22. Kg1 Nxd3 23. Qxd3 Rd8 24. Qe3 Qxf3 0-1

[Event "ZL-2015-0-01747"]
[Site "LSS email"]
[Date "2015.09.28"]
[Round "?"]
[White "Lauer, Frederic"]
[Black "Ucal, Mustafa"]
[Result "0-1"]
[WhiteElo "1160"]
[BlackElo "1609"]
[PlyCount "110"]
[EventDate "2015.09.21"]
[EventType "match (corr)"]
[EventRounds "2"]
[EventCountry "GER"]
[SourceTitle "Corr 2022"]
[Source "ChessBase"]
[SourceDate "2021.10.24"]
[SourceVersion "1"]
[SourceVersionDate "2021.10.24"]
[SourceQuality "1"]

1. e4 c5 2. Nf3 d6 3. d4 cxd4 4. Qxd4 Nc6 5. Bb5 Bd7 6. Bxc6 Bxc6 7. Nc3 Nf6 8. Bg5 e6 9. 0-0-0 Be7 10. Rhe1 0-0 11. e5 dxe5 12. Qh4 Qc7 13. Nxe5 Rfd8 14. Ng4 Nxg4 15. Bxe7 Rxd1+ 16. Rxd1 Ne5 17. Bd6 Ng6 18. Bxc7 Nxh4 19. g3 Nf3 20. h4 f6 21. Rd8+ Rxd8 22. Bxd8 Kf7 23. Bc7 a6 24. Bb6 Ne5 25. Bd4 Nc4 26. b3 Nd6 27. Kd2 b5 28. Ke3 e5 29. Bc5 Ke6 30. Bxd6 Kxd6 31. a3 Be8 32. Ne2 Bg6 33. f4 Bxc2 34. b4 exf4+ 35. Nxf4 Ke5 36. Ne2 g5 37. hxg5 fxg5 38. Nd4 Be4 39. Nb3 Bf5 40. Nc5 Bc8 41. Nd3+ Kf5 42. Nf2 h5 43. Nh3 Kg4 44. Nf2+ Kxg3 45. Ne4+ Kg4 46. Nf6+ Kh4 47. Kf3 Bb7+ 48. Kf2 g4 49. Kg1 Kg5 50. Nd7 h4 51. Nc5 Bc8 52. Kg2 Kf4 53. Nd3+ Ke3 54. Nf2 Bb7+ 55. Kf1 Bf3 0-1

[Event "IECC CL0-2015.00 email"]
[Site "IECC email"]
[Date "2015.09.28"]
[Round "?"]
[White "Shim Ng Min, Francis"]
[Black "Ucal, Mustafa"]
[Result "0-1"]
[WhiteElo "1285"]
[BlackElo "1596"]
[PlyCount "60"]
[EventDate "2015.08.22"]
[EventType "tourn (corr)"]
[EventRounds "4"]
[SourceTitle "Corr 2022"]
[Source "ChessBase"]
[SourceDate "2021.10.24"]
[SourceVersion "1"]
[SourceVersionDate "2021.10.24"]
[SourceQuality "1"]

1. e4 c5 2. Nf3 d6 3. d4 cxd4 4. Nxd4 Nf6 5. Nc3 g6 6. Be3 Bg7 7. f3 0-0 8. Qd2 Nc6 9. Bc4 Bd7 10. 0-0-0 Rc8 11. Bb3 Ne5 12. h4 h5 13. Bg5 Rc5 14. Kb1 Nc4 15. Qd3 Na5 16. f4 Ng4 17. Rdf1 Nxb3 18. Nxb3 Rxc3 19. bxc3 f6 20. Qd5+ Kh8 21. Qxb7 fxg5 22. fxg5 Nf2 23. Rhg1 Qc8 24. Qxc8 Bxc8 25. g3 Ba6 26. Rc1 Nxe4 27. Rce1 Nxc3+ 28. Kc1 Nxa2+ 29. Kb1 Nc3+ 30. Kc1 Ne2+ 0-1

[Event "IECC CL0-2015.00 email"]
[Site "IECC email"]
[Date "2015.09.28"]
[Round "?"]
[White "Ucal, Mustafa"]
[Black "Guaimare Rodriguez, Carlos Luis"]
[Result "1-0"]
[WhiteElo "1596"]
[BlackElo "932"]
[PlyCount "33"]
[EventDate "2015.08.22"]
[EventType "tourn (corr)"]
[EventRounds "4"]
[SourceTitle "Corr 2022"]
[Source "ChessBase"]
[SourceDate "2021.10.24"]
[SourceVersion "1"]
[SourceVersionDate "2021.10.24"]
[SourceQuality "1"]

1. d4 d5 2. c4 e6 3. Nc3 Nf6 4. Bg5 Be7 5. e3 0-0 6. Nf3 b6 7. Be2 Bb7 8. Bxf6 Bxf6 9. cxd5 exd5 10. b4 c5 11. bxc5 bxc5 12. Qb3 Bc6 13. dxc5 Nd7 14. Qa3 Qe7 15. Rd1 Qxc5 16. Qxc5 Rfc8 17. Qa5 1-0

[Event "CP-2015-P-00009"]
[Site "LSS email"]
[Date "2015.09.28"]
[Round "?"]
[White "Van Hooff, Ruud"]
[Black "Ucal, Mustafa"]
[Result "1-0"]
[WhiteElo "2310"]
[BlackElo "1598"]
[PlyCount "55"]
[EventDate "2015.10.01"]
[EventType "tourn (corr)"]
[EventRounds "6"]
[EventCountry "GER"]
[SourceTitle "Corr 2022"]
[Source "ChessBase"]
[SourceDate "2021.10.24"]
[SourceVersion "1"]
[SourceVersionDate "2021.10.24"]
[SourceQuality "1"]

1. d4 Nf6 2. Nf3 e6 3. c4 c5 4. d5 d6 5. Nc3 exd5 6. cxd5 g6 7. h3 Bg7 8. e4 0-0 9. Bd3 b5 10. Nxb5 Re8 11. 0-0 Nxe4 12. Re1 a6 13. Nc3 Nxc3 14. Rxe8+ Qxe8 15. bxc3 Bxc3 16. Rb1 Nd7 17. Qa4 Nf6 18. Qc4 Ba5 19. Bg5 Nh5 20. Qh4 f5 21. Rb2 Bd7 22. g4 fxg4 23. hxg4 Ng7 24. Bf6 Qf8 25. Rb7 Ne8 26. Rxd7 Nxf6 27. Ng5 h6 28. Rf7 1-0

[Event "LSS No Engine Cup 139 Preliminary 0"]
[Site "LSS email"]
[Date "2015.09.23"]
[Round "?"]
[White "Ucal, Mustafa"]
[Black "Bieszk, Stanislaw"]
[Result "1-0"]
[WhiteElo "1440"]
[BlackElo "1462"]
[PlyCount "40"]
[EventDate "2015.09.24"]
[EventType "tourn (corr)"]
[EventRounds "6"]
[EventCountry "GER"]
[SourceTitle "Corr 2022"]
[Source "ChessBase"]
[SourceDate "2021.10.24"]
[SourceVersion "1"]
[SourceVersionDate "2021.10.24"]
[SourceQuality "1"]

1. e4 c5 2. Nf3 d6 3. d4 cxd4 4. Nxd4 Nf6 5. Nc3 g6 6. Be3 Bg7 7. f3 0-0 8. Qd2 Nc6 9. Bc4 Bd7 10. 0-0-0 Rc8 11. Bb3 Ne5 12. h4 h5 13. Bg5 Rc5 14. g4 b5 15. Bxf6 exf6 16. gxh5 gxh5 17. Qf4 a5 18. Rhg1 a4 19. Qh6 Ng6 20. Rxg6 axb3 1-0

[Event "IECC CL0-2015.00 email"]
[Site "IECC email"]
[Date "2015.07.26"]
[Round "?"]
[White "Basson, Heinrich"]
[Black "Ucal, Mustafa"]
[Result "1-0"]
[WhiteElo "1385"]
[BlackElo "1602"]
[PlyCount "63"]
[EventDate "2015.06.23"]
[EventType "tourn (corr)"]
[EventRounds "4"]
[SourceTitle "Corr 2022"]
[Source "ChessBase"]
[SourceDate "2021.10.24"]
[SourceVersion "1"]
[SourceVersionDate "2021.10.24"]
[SourceQuality "1"]

1. d4 d5 2. c4 c6 3. Nf3 Nf6 4. Nc3 e6 5. g3 dxc4 6. a4 c5 7. e3 Nc6 8. Bxc4 cxd4 9. exd4 Bb4 10. 0-0 0-0 11. Bg5 h6 12. Be3 b6 13. Qb3 Bb7 14. Ne5 Bd6 15. Nxf7 Kxf7 16. Bxe6+ Ke8 17. d5 Nb4 18. Bf4 Bxf4 19. Qxb4 Bd6 20. Qb5+ Ke7 21. Qd3 Rh8 22. Qg6 Qf8 23. a5 bxa5 24. Nb5 Bc5 25. Rac1 Bb6 26. Nd4 Rb8 27. Nf5+ Kd8 28. Nxg7 Ne4 29. Qxe4 Qxg7 30. Qf4 Bc7 31. Rxc7 Qxc7 32. Qf6+ 1-0

[Event "LSS No Engine Cup 135 Preliminary 0"]
[Site "LSS email"]
[Date "2015.07.26"]
[Round "?"]
[White "Hanson, Andrew"]
[Black "Ucal, Mustafa"]
[Result "0-1"]
[WhiteElo "1687"]
[BlackElo "1408"]
[PlyCount "96"]
[EventDate "2015.07.27"]
[EventType "tourn (corr)"]
[EventRounds "6"]
[EventCountry "GER"]
[SourceTitle "Corr 2022"]
[Source "ChessBase"]
[SourceDate "2021.10.24"]
[SourceVersion "1"]
[SourceVersionDate "2021.10.24"]
[SourceQuality "1"]

1. e4 c5 2. Nf3 d6 3. d4 cxd4 4. Nxd4 Nf6 5. Nc3 a6 6. Bc4 e6 7. 0-0 b5 8. Bb3 b4 9. Na4 Bd7 10. c3 Nc6 11. Re1 Rb8 12. f3 Na5 13. Bc2 Qc7 14. Bd2 Nc4 15. cxb4 Qa7 16. Bc3 e5 17. Kh1 exd4 18. Bxd4 Qb7 19. a3 Be7 20. b3 Ne5 21. Rc1 0-0 22. Nb6 Be6 23. f4 Nc6 24. Bg1 Bd8 25. Nc4 Bxc4 26. bxc4 Bb6 27. Qd3 Bxg1 28. Rxg1 Qa7 29. h3 Rfd8 30. Rgf1 Nd4 31. Bb1 Ne6 32. Rcd1 Qc7 33. g3 a5 34. b5 Nc5 35. Qd4 Rbc8 36. Rf3 Ne6 37. Qc3 Qxc4 38. Qxa5 Qe2 39. Rdf1 Rc1 40. Rxc1 Qxf3+ 41. Kh2 Qf2+ 42. Kh1 Qxg3 43. Qc3 Qxf4 44. Re1 Nc5 45. e5 Nd5 46. Qc2 Qh4 47. Re2 Qxh3+ 48. Rh2 Qf1# 0-1

[Event "LSS No Engine Cup 135 Preliminary 0"]
[Site "LSS email"]
[Date "2015.07.26"]
[Round "?"]
[White "Sabbatini, Giuseppe"]
[Black "Ucal, Mustafa"]
[Result "1/2-1/2"]
[WhiteElo "2044"]
[BlackElo "1408"]
[PlyCount "50"]
[EventDate "2015.07.27"]
[EventType "tourn (corr)"]
[EventRounds "6"]
[EventCountry "GER"]
[SourceTitle "Corr 2022"]
[Source "ChessBase"]
[SourceDate "2021.10.24"]
[SourceVersion "1"]
[SourceVersionDate "2021.10.24"]
[SourceQuality "1"]

1. e4 c5 2. Nf3 d6 3. Nc3 e6 4. d4 cxd4 5. Nxd4 Nf6 6. Be3 a6 7. Be2 Be7 8. 0-0 0-0 9. f4 Qc7 10. Qe1 b5 11. Bf3 Bb7 12. e5 dxe5 13. fxe5 Nfd7 14. Bxb7 Qxb7 15. Qg3 Bc5 16. Rad1 Nc6 17. Nxc6 Qxc6 18. Qf2 Be7 19. Qg3 Rad8 20. Bh6 Qc5+ 21. Kh1 Qxe5 22. Bf4 Qc5 23. Bh6 Qe5 24. Bf4 Qc5 25. Bh6 Qe5 1/2-1/2

[Event "LSS No Engine Cup 135 Preliminary 0"]
[Site "LSS email"]
[Date "2015.07.26"]
[Round "?"]
[White "Szokol, Imre"]
[Black "Ucal, Mustafa"]
[Result "0-1"]
[WhiteElo "1848"]
[BlackElo "1408"]
[PlyCount "106"]
[EventDate "2015.07.27"]
[EventType "tourn (corr)"]
[EventRounds "6"]
[EventCountry "GER"]
[SourceTitle "Corr 2022"]
[Source "ChessBase"]
[SourceDate "2021.10.24"]
[SourceVersion "1"]
[SourceVersionDate "2021.10.24"]
[SourceQuality "1"]

1. e4 c5 2. Nf3 d6 3. d4 cxd4 4. Nxd4 Nf6 5. Nc3 a6 6. f3 e5 7. Nb3 Be6 8. Bg5 h6 9. Bh4 Be7 10. Qd3 Nc6 11. Bf2 d5 12. exd5 Nb4 13. Qd2 Nbxd5 14. 0-0-0 Qc7 15. g4 Bb4 16. Be1 e4 17. Bg2 0-0-0 18. Bg3 Nxc3 19. Qxc3 Qxc3 20. bxc3 Ba3+ 21. Kb1 Nd5 22. Be5 f6 23. Bd4 Nf4 24. Rd2 e3 25. Bxe3 Rxd2 26. Bxd2 Nxg2 27. h4 Bd5 28. Nd4 Bc5 29. Rh3 Bxd4 30. cxd4 h5 31. g5 fxg5 32. Bxg5 Rf8 33. f4 Nxf4 34. Rc3+ Kd7 35. Rc5 b6 36. Rc3 Ne6 37. Be3 Rf1+ 38. Kb2 Rh1 39. Bf2 g5 40. hxg5 Nxg5 41. Bg3 Ne6 42. Be5 h4 43. Rd3 h3 44. Rd2 Rg1 45. Rh2 Bg2 46. a3 Rd1 47. c3 Ng5 48. c4 Nf3 49. Kc2 Re1 50. a4 Nxe5 51. dxe5 Rxe5 52. Kc3 Kd6 53. Kd3 Kc5 0-1

[Event "IECC CL0-2015.00 email"]
[Site "IECC email"]
[Date "2015.07.26"]
[Round "?"]
[White "Ucal, Mustafa"]
[Black "Shim Ng Min, Francis"]
[Result "1-0"]
[WhiteElo "1602"]
[BlackElo "1320"]
[PlyCount "89"]
[EventDate "2015.06.23"]
[EventType "tourn (corr)"]
[EventRounds "4"]
[SourceTitle "Corr 2022"]
[Source "ChessBase"]
[SourceDate "2021.10.24"]
[SourceVersion "1"]
[SourceVersionDate "2021.10.24"]
[SourceQuality "1"]

1. e4 c5 2. Nf3 d6 3. d4 cxd4 4. Nxd4 Nf6 5. Nc3 a6 6. Bc4 e6 7. Bb3 Be7 8. Qf3 0-0 9. Qg3 Kh8 10. 0-0 Nc6 11. Nxc6 bxc6 12. Be3 Bb7 13. Rad1 Qc7 14. f3 Rfd8 15. Qf4 Rac8 16. Rfe1 d5 17. Qxc7 Rxc7 18. Bb6 Rcc8 19. Bxd8 Rxd8 20. exd5 cxd5 21. Ne2 Rc8 22. Nd4 g6 23. c3 Kg7 24. Bc2 Bc5 25. Kf1 a5 26. Bd3 Rb8 27. Nb3 Bb6 28. g3 a4 29. Nd4 Bc8 30. Nc6 Ra8 31. a3 Bd7 32. Ne5 Be8 33. h3 Nd7 34. Nxd7 Bxd7 35. c4 Bc6 36. cxd5 Bxd5 37. Be4 Bc4+ 38. Kg2 Rb8 39. Rd7 Ba5 40. Rb1 Ba2 41. Rc1 Rxb2+ 42. Rc2 Rxc2+ 43. Bxc2 Bb3 44. Bxb3 axb3 45. Rb7 1-0

[Event "OP-2015-0-03771"]
[Site "LSS email"]
[Date "2015.07.20"]
[Round "?"]
[White "De Ridder, Michael"]
[Black "Ucal, Mustafa"]
[Result "0-1"]
[WhiteElo "1578"]
[BlackElo "1602"]
[PlyCount "52"]
[EventDate "2015.07.12"]
[EventType "tourn (corr)"]
[EventRounds "4"]
[EventCountry "GER"]
[SourceTitle "Corr 2022"]
[Source "ChessBase"]
[SourceDate "2021.10.24"]
[SourceVersion "1"]
[SourceVersionDate "2021.10.24"]
[SourceQuality "1"]

1. e4 e5 2. Nf3 Nf6 3. Nxe5 d6 4. Nf3 Nxe4 5. d4 d5 6. Bd3 Nc6 7. 0-0 Bg4 8. c4 Nf6 9. Nc3 Nxd4 10. cxd5 Nxf3+ 11. gxf3 Bd7 12. Re1+ Be7 13. Qe2 Kf8 14. Bf4 Bh3 15. Kh1 Bb4 16. Rad1 Nxd5 17. Bf5 Bxf5 18. Rxd5 Qf6 19. Re5 Be6 20. Bg5 Qg6 21. Rg1 Bd6 22. Bf4 Qf6 23. Qe3 Qe7 24. Nd5 Qe8 25. Re4 Qc6 26. Bxd6+ cxd6 0-1

[Event "LSS No Engine Cup 83 Preliminary 4"]
[Site "LSS email"]
[Date "2013.02.27"]
[Round "?"]
[White "Ucal, Mustafa"]
[Black "Yangibayev, N."]
[Result "1-0"]
[WhiteElo "1435"]
[BlackElo "976"]
[PlyCount "21"]
[EventDate "2013.02.28"]
[EventType "tourn (corr)"]
[EventRounds "6"]
[EventCountry "GER"]
[SourceTitle "Corr 2022"]
[Source "ChessBase"]
[SourceDate "2021.10.24"]
[SourceVersion "1"]
[SourceVersionDate "2021.10.24"]
[SourceQuality "1"]

1. e4 c6 2. d4 d5 3. e5 Bf5 4. Bd3 Bg6 5. Bxg6 hxg6 6. e6 fxe6 7. Qd3 Qd6 8. Qxg6+ Kd7 9. Nf3 Na6 10. Ne5+ Kc7 11. Nf7 1-0

[Event "OP-2013-0-02635"]
[Site "LSS email"]
[Date "2013.02.10"]
[Round "?"]
[White "Sirotkin, Evgenji"]
[Black "Ucal, Mustafa"]
[Result "1-0"]
[WhiteElo "1667"]
[BlackElo "1119"]
[PlyCount "43"]
[EventDate "2013.02.08"]
[EventType "tourn (corr)"]
[EventRounds "4"]
[EventCountry "GER"]
[SourceTitle "Telechess CBM 161"]
[Source "ChessBase"]
[SourceDate "2014.07.16"]
[SourceVersion "1"]
[SourceVersionDate "2014.07.16"]
[SourceQuality "1"]

1. c4 e5 2. Nc3 Nc6 3. g3 Nf6 4. Bg2 Bc5 5. Nf3 d6 6. e3 Bg4 7. h3 Bh5 8. d3 Bb4 9. g4 Bg6 10. Nh4 0-0 11. Nxg6 fxg6 12. 0-0 Bxc3 13. bxc3 Rb8 14. f4 exf4 15. exf4 Re8 16. Rb1 Nd7 17. Re1 Nb6 18. Be3 Qf6 19. Qc2 Re7 20. Be4 Kh8 21. c5 dxc5 22. Bxc5 1-0

[Event "LSS No Engine Cup 81 Preliminary 4"]
[Site "LSS email"]
[Date "2013.01.15"]
[Round "?"]
[White "Ucal, Mustafa"]
[Black "Molina, Vicente Andres"]
[Result "1-0"]
[WhiteElo "1119"]
[BlackElo "773"]
[PlyCount "47"]
[EventDate "2013.01.16"]
[EventType "tourn (corr)"]
[EventRounds "6"]
[EventCountry "GER"]
[SourceTitle "Telechess CBM 159"]
[Source "ChessBase"]
[SourceDate "2014.03.17"]
[SourceVersion "1"]
[SourceVersionDate "2014.03.17"]
[SourceQuality "1"]

1. c4 c5 2. Nc3 d6 3. Nf3 Nc6 4. d4 cxd4 5. Nxd4 a6 6. e4 Nf6 7. Be2 e5 8. Nf3 Be7 9. 0-0 h6 10. Qd3 Be6 11. Nd5 Bxd5 12. cxd5 Nb8 13. b4 b5 14. a4 0-0 15. axb5 Nbd7 16. bxa6 Nb6 17. b5 Nfd7 18. Be3 f5 19. exf5 Nf6 20. Bxb6 Qxb6 21. Qe3 Nd7 22. Qxb6 Nxb6 23. Rfc1 Nxd5 24. Bc4 1-0

[Event "OP-2013-0-02579"]
[Site "LSS email"]
[Date "2013.01.09"]
[Round "?"]
[White "Ucal, Mustafa"]
[Black "Vontina, Maria"]
[Result "1-0"]
[WhiteElo "1263"]
[BlackElo "621"]
[PlyCount "53"]
[EventDate "2013.01.04"]
[EventType "tourn (corr)"]
[EventRounds "4"]
[EventCountry "GER"]
[SourceTitle "Telechess CBM 159"]
[Source "ChessBase"]
[SourceDate "2014.03.17"]
[SourceVersion "1"]
[SourceVersionDate "2014.03.17"]
[SourceQuality "1"]

1. d4 Nf6 2. c4 g6 3. Nc3 Bg7 4. e4 d6 5. Nf3 Bg4 6. Qb3 b6 7. Be2 0-0 8. 0-0 c5 9. d5 e5 10. Be3 Ne8 11. h3 Bc8 12. Bd3 f5 13. exf5 Bxf5 14. Bxf5 Rxf5 15. Ne2 Rf8 16. Nd2 Nd7 17. f4 exf4 18. Bxf4 Ndf6 19. Rf3 Nh5 20. Bh2 Rxf3 21. Nxf3 Qe7 22. Re1 Qd7 23. Nc3 Nc7 24. Ne4 Bf8 25. g4 Qf7 26. gxh5 gxh5 27. Nfg5 1-0